Illustrated Ventura 2.0 / (Record no. 66664)

000 -LEADER
fixed length control field 00682cam a2200241 a 4500
001 - CONTROL NUMBER
control field 1979406
003 - CONTROL NUMBER IDENTIFIER
control field NUST - PNEC
005 - DATE AND TIME OF LATEST TRANSACTION
control field 20170116181000.0
008 - FIXED-LENGTH DATA ELEMENTS--GENERAL INFORMATION
fixed length control field 890111s1989 txua 001 0 eng
010 ## - LIBRARY OF CONGRESS CONTROL NUMBER
LC control number 89005289
020 ## - INTERNATIONAL STANDARD BOOK NUMBER
International Standard Book Number 1556221045 :
040 ## - CATALOGING SOURCE
Transcribing agency LIBRARY
082 00 - DEWEY DECIMAL CLASSIFICATION NUMBER
Classification number 686.22 SHE
100 1# - MAIN ENTRY--PERSONAL NAME
Personal name Sheldon, George.
245 10 - TITLE STATEMENT
Title Illustrated Ventura 2.0 /
Statement of responsibility, etc. George Sheldon.
260 ## - PUBLICATION, DISTRIBUTION, ETC.
Place of publication, distribution, etc. Plano, Tex. :
Name of publisher, distributor, etc. Wordware Pub.,
Date of publication, distribution, etc. 1989.
300 ## - PHYSICAL DESCRIPTION
Extent vi, 329 p. :
Other physical details ill. ;
Dimensions 24 cm.
500 ## - GENERAL NOTE
General note Includes index.
630 00 - SUBJECT ADDED ENTRY--UNIFORM TITLE
Uniform title Ventura publisher (Computer file)
650 #0 - SUBJECT ADDED ENTRY--TOPICAL TERM
Topical term or geographic name entry element Desktop publishing.
General subdivision MIS
906 ## - LOCAL DATA ELEMENT F, LDF (RLIN)
a 7
b cbc
c orignew
d 1
e ocip
f 19
g y-gencatlg
942 ## - ADDED ENTRY ELEMENTS (KOHA)
Source of classification or shelving scheme
Koha item type Book
Holdings
Withdrawn status Lost status Source of classification or shelving scheme Damaged status Not for loan Permanent Location Current Location Shelving location Date acquired Total Checkouts Full call number Barcode Date last seen Price effective from Koha item type
          Pakistan Navy Engineering College (PNEC) Pakistan Navy Engineering College (PNEC)       686.22 SHE PNECLIB-017390 09/12/2015   Book
© 2023 Central Library, National University of Sciences and Technology. All Rights Reserved.